Biggest Lakes in Canada Quiz - Statistics

General Stats
  • This quiz has been taken 147 times
    124 since last reset
  • The average score is 7 of 10
Answer Stats
Area Province Lake % Correct
82,100 Ontario Superior
94%
59,600 Ontario Huron
92%
18,960 Ontario Ontario
92%
28,568 Northwest Terr. Great Slave
89%
25,700 Ontario Erie
88%
31,328 Northwest Terr. Great Bear
85%
24,387 Manitoba Winnipeg
85%
7,935 Alberta + Saskatchewan Athabasca
55%
6,650 Saskatchewan + Manitoba Reindeer
34%
6,527 Newfoundland and Labrador Smallwood
9%
No matching quizzes found
Score Distribution
Percent of People with Each Score
Percentile by Number Answered
Your Score History
You have not taken this quiz since the last reset